000 00251nam a2200097Ia 4500
001 726869
005 20250826163437.0
008 250824s9999 xx 000 0 und d
245 0 _aAK TOPRAKLAR
_cEMİNE IŞINSU
260 _bBİLGE KÜLTÜR SANAT YAYINLARI
999 _c726869
_d726869